| 000 | 01001nam a2200325 a 4500 | ||
|---|---|---|---|
| 001 | 000114722 | ||
| 003 | CHAP | ||
| 005 | 20260409122816.0 | ||
| 008 | 180402s2017 mx a |r| ||||||spa d | ||
| 010 | _a111183 | ||
| 011 | _a112155 | ||
| 020 | _a9786071204745 | ||
| 040 | _cCHAP | ||
| 082 | 0 | 4 |
_a631.41 _bG16 |
| 100 | 1 |
_aGallardo Lancho, Juan Fernando. _9134996 |
|
| 245 | 1 | 3 |
_aLa Materia orgánica del suelo : _bresiduos orgánicos, humus, compostaje y captura de carbono / _cpor Juan Fernando Gallardo Lancho. |
| 260 |
_aChapingo, Méx. : _bUACH., _c[ 2017 ]. |
||
| 300 |
_a424 p. : _bil. |
||
| 590 |
_aBATCH-UPD _b05 _c20180718 |
||
| 590 |
_aE5765TAJ _b05 _c20180402 |
||
| 650 | 1 | 4 |
_aHumus. _956902 |
| 650 | 1 | 4 |
_aResiduos orgánicos. _996116 |
| 650 | 1 | 4 |
_aSecuestro de carbono. _9131536 |
| 650 | 1 | 4 |
_aSuelos _xComposición. _9110280 |
| 650 | 1 | 4 |
_aSuelos _xMateria orgánica. _9110429 |
| 650 | 1 | 4 |
_aAbonos _xEfecto en suelos _9266 |
| 901 | _aBK | ||
| 942 |
_cLIBRO _2ddc |
||
| 942 |
_n0 _2ddc |
||
| 999 |
_c111183 _d111183 |
||